Horse sense

Bibliographic Details
Format: Book
Published: Leicester : Magna books , 1992

MARC

LEADER 00000cam a2200000 7i4500
001 0000068795
005 20161214.0
008 161214
020 |a 1854220438 
090 0 0 |a 798.2   |b HOR 
245 0 0 |a Horse sense 
260 |a Leicester :   |b Magna books ,   |c 1992 
999 |a 0000394188   |b Book   |c Adult Collection   |e Cawangan Pontian